Handbook of technology management (Record no. 238625)

MARC details
000 -LEADER
fixed length control field 00573nam a2200193Ia 4500
008 - FIXED-LENGTH DATA ELEMENTS--GENERAL INFORMATION
fixed length control field 191130s2008##################000#0#eng##
020 ## - INTERNATIONAL STANDARD BOOK NUMBER
ISBN 9788130903071
082 ## - DEWEY DECIMAL CLASSIFICATION NUMBER
Classification number 658.514 SZA
245 ## - TITLE STATEMENT
Title Handbook of technology management
Statement of responsibility, etc Edited by Robert Szakonyi
260 ## - PUBLICATION, DISTRIBUTION, ETC. (IMPRINT)
Place of publication New Delhi
Name of publisher Viva Books
Year of publication 2008
300 ## - PHYSICAL DESCRIPTION
Number of Pages xiii, 1 v. (various pagings) : ill. ; 24 cm
500 ## - GENERAL NOTE
General note Includes index
650 ## - SUBJECT ADDED ENTRY--TOPICAL TERM
Topical Term Technology - Management
700 ## - ADDED ENTRY--PERSONAL NAME
Personal name Szakonyi, Robert
991 ## -
-- 123327
Holdings
Withdrawn status Lost status Damaged status Not for loan Home library Current library Shelving location Date acquired Full call number Accession Number Price effective from Koha item type
        Anna Centenary Library Anna Centenary Library 6TH FLOOR, B WING 13.10.2020 658.514 SZA 310390 13.10.2020 English Books

Find us on the map